[Event "MPJ_D16"]
[Site "?"]
[Date "2016.03.15"]
[Round "4.8"]
[White "Dwilewicz, Agata"]
[Black "Ciesinska, Weronika"]
[Result "1-0"]
[BlackElo "1584"]
[WhiteElo "1813"]
[LiveChessVersion "1.4.8"]

1. e4 c5 {[%clk 1:31:22]} 2. Nf3 {[%clk 1:31:15]} d6 3. d4 {[%clk 1:31:49]} cxd4
{[%clk 1:31:47]} 4. Nxd4 {[%clk 1:32:04]} Nf6 {[%clk 1:32:32]} 5. f3
{[%clk 1:31:03]} e5 {[%clk 1:32:46]} 6. Nb3 Be6 7. c4 {[%clk 1:30:51]} a5
{[%clk 1:32:45]} 8. Be3 {[%clk 1:29:24]} a4 {[%clk 1:32:33]} 9. N3d2
{[%clk 1:26:43]} Qa5 {[%clk 1:31:33]} 10. Na3 Be7 {[%clk 1:27:41]} 11. Be2
{[%clk 1:26:11]} O-O {[%clk 1:27:21]} 12. O-O {[%clk 1:26:24]} Bd8
{[%clk 1:23:35]} 13. Nb5 Bb6 14. Bxb6 {[%clk 1:18:11]} Qxb6+ {[%clk 1:23:58]} 15.
Kh1 {[%clk 1:16:31]} Rc8 {[%clk 1:17:32]} 16. b3 axb3 {[%clk 1:12:31]} 17. axb3
{[%clk 1:16:34]} Nbd7 {[%clk 1:05:36]} 18. Qb1 {[%clk 1:13:03]} Nc5 19. Qb2
{[%clk 1:11:23]} Bd7 {[%clk 0:55:21]} 20. Nc3 {[%clk 1:07:50]} Ne6
{[%clk 0:51:21]} 21. Rfb1 Nd4 {[%clk 0:44:16]} 22. Bd3 {[%clk 1:07:37]} Be6
{[%clk 0:40:56]} 23. Na4 {[%clk 0:59:08]} Qc7 {[%clk 0:38:03]} 24. Rc1
{[%clk 0:58:31]} Nd7 {[%clk 0:37:09]} 25. b4 {[%clk 0:51:16]} b6 {[%clk 0:31:42]}
26. Nc3 {[%clk 0:51:02]} Qb7 {[%clk 0:31:25]} 27. Nd5 Bxd5 28. exd5
{[%clk 0:51:08]} Nf6 {[%clk 0:26:01]} 29. f4 {[%clk 0:41:32]} Rab8
{[%clk 0:14:27]} 30. Re1 {[%clk 0:37:53]} Qc7 {[%clk 0:13:33]} 31. Rac1
{[%clk 0:29:45]} Nd7 {[%clk 0:12:02]} 32. fxe5 {[%clk 0:27:47]} dxe5
{[%clk 0:12:22]} 33. Ne4 {[%clk 0:26:40]} f6 {[%clk 0:08:28]} 34. Qf2
{[%clk 0:23:31]} Qd8 {[%clk 0:06:14]} 35. Qg3 {[%clk 0:13:30]} Qf8
{[%clk 0:03:56]} 36. Qh3 {[%clk 0:11:50]} f5 {[%clk 0:02:28]} 37. Ng5
{[%clk 0:10:56]} h6 {[%clk 0:02:02]} 38. Ne6 {[%clk 0:10:40]} Nxe6
{[%clk 0:01:32]} 39. dxe6 {[%clk 0:11:09]} Nf6 {[%clk 0:01:59]} 40. Bxf5 Qxb4
{[%clk 0:31:43]} 41. Qd3 {[%clk 0:34:56]} Qc5 {[%clk 0:27:19]} 42. Qg3
{[%clk 0:31:33]} Rb7 {[%clk 0:17:53]} 43. Rxe5 {[%clk 0:31:02]} Qd6
{[%clk 0:16:36]} 44. Rce1 {[%clk 0:28:34]} Re7 {[%clk 0:14:19]} 45. Qb3
{[%clk 0:24:08]} Rc5 {[%clk 0:11:47]} 46. Rxc5 {[%clk 0:22:19]} Qxc5
{[%clk 0:12:02]} 47. Qd3 {[%clk 0:21:56]} Qc7 {[%clk 0:11:00]} 48. Rd1
{[%clk 0:21:08]} Qc5 {[%clk 0:06:20]} 49. Re1 {[%clk 0:19:15]} Qc7
{[%clk 0:06:04]} 50. Rb1 {[%clk 0:17:12]} Ne8 {[%clk 0:04:24]} 51. Rd1 Nf6
{[%clk 0:02:39]} 52. Bh3 {[%clk 0:13:41]} Qc6 {[%clk 0:02:06]} 53. Qd8+
{[%clk 0:13:54]} Re8 54. Qd4 Re7 {[%clk 0:01:51]} 55. Rb1 {[%clk 0:12:41]} Qc5
{[%clk 0:01:17]} 56. Qd8+ {[%clk 0:12:31]} Re8 57. Qd3 {[%clk 0:11:17]} Re7
{[%clk 0:01:27]} 58. Rb5 {[%clk 0:10:48]} Qf2 {[%clk 0:01:04]} 59. Rb1
{[%clk 0:10:23]} Qc5 {[%clk 0:01:25]} 60. Rf1 {[%clk 0:10:21]} Kf8
{[%clk 0:00:40]} 61. Qd8+ {[%clk 0:08:51]} Re8 62. Rxf6+ {[%clk 0:07:45]} gxf6
{[%clk 0:01:26]} 63. Qxf6+ {[%clk 0:08:08]} Kg8 {[%clk 0:01:52]} 64. Qf7+
{[%clk 0:08:28]} 1-0

[Event "MPJ_D16"]
[Site "?"]
[Date "2016.03.15"]
[Round "4.9"]
[White "Kaczmarska, Joanna"]
[Black "Jurkiewicz, Zuzanna"]
[Result "1-0"]
[BlackElo "1632"]
[WhiteElo "2013"]
[LiveChessVersion "1.4.8"]

1. d4 {[%clk 1:30:58]} d5 {[%clk 1:30:53]} 2. c4 {[%clk 1:31:23]} c6
{[%clk 1:31:18]} 3. Nc3 {[%clk 1:31:31]} Nf6 {[%clk 1:31:23]} 4. Nf3
{[%clk 1:31:17]} e6 {[%clk 1:29:47]} 5. Bg5 {[%clk 1:30:54]} Be7 {[%clk 1:29:28]}
6. e3 {[%clk 1:30:01]} O-O {[%clk 1:28:17]} 7. Bd3 {[%clk 1:29:44]} Nbd7
{[%clk 1:22:06]} 8. cxd5 {[%clk 1:30:06]} exd5 {[%clk 1:20:37]} 9. Qc2
{[%clk 1:30:14]} h6 {[%clk 1:14:34]} 10. Bh4 {[%clk 1:29:04]} Re8
{[%clk 1:10:13]} 11. O-O {[%clk 1:27:38]} Nb6 {[%clk 1:02:15]} 12. Rae1
{[%clk 1:27:07]} Be6 {[%clk 1:00:25]} 13. Ne5 {[%clk 1:26:04]} Nfd7
{[%clk 0:54:01]} 14. Bxe7 {[%clk 1:26:06]} Rxe7 {[%clk 0:52:14]} 15. f4
{[%clk 1:21:19]} Nxe5 {[%clk 0:45:23]} 16. dxe5 {[%clk 1:10:35]} d4
{[%clk 0:37:24]} 17. exd4 {[%clk 1:03:30]} Qxd4+ {[%clk 0:37:26]} 18. Kh1
{[%clk 1:03:43]} Bd5 {[%clk 0:27:12]} 19. Rd1 {[%clk 0:58:29]} Qb4
{[%clk 0:24:03]} 20. a3 {[%clk 0:48:27]} Qa5 {[%clk 0:18:41]} 21. Ne4
{[%clk 0:44:12]} Bxe4 {[%clk 0:16:41]} 22. Bxe4 {[%clk 0:44:37]} Rae8
{[%clk 0:12:38]} 23. h3 {[%clk 0:42:57]} Nd7 {[%clk 0:11:47]} 24. Bf3
{[%clk 0:32:15]} Nf8 {[%clk 0:07:47]} 25. Rd3 {[%clk 0:29:10]} Qb5
{[%clk 0:02:34]} 26. Rfd1 {[%clk 0:27:13]} Ne6 {[%clk 0:02:19]} 27. g3
{[%clk 0:25:58]} Nc5 {[%clk 0:01:09]} 28. Rc3 {[%clk 0:26:03]} Ne6
{[%clk 0:00:37]} 29. b4 {[%clk 0:25:39]} a5 {[%clk 0:00:47]} 30. Rc4
{[%clk 0:20:25]} axb4 {[%clk 0:00:45]} 31. Rxb4 {[%clk 0:19:27]} Qc5
{[%clk 0:00:52]} 32. Qb2 {[%clk 0:16:06]} Qe3 {[%clk 0:00:34]} 33. Rb3
{[%clk 0:16:33]} Qa7 {[%clk 0:00:46]} 34. Rbd3 {[%clk 0:16:32]} Nc5
{[%clk 0:00:47]} 35. Rd6 {[%clk 0:15:53]} Na4 {[%clk 0:00:41]} 36. Qc2
{[%clk 0:15:50]} Qa5 {[%clk 0:00:45]} 37. R1d3 {[%clk 0:14:31]} Nc5
{[%clk 0:00:40]} 38. Rc3 {[%clk 0:12:37]} Na4 {[%clk 0:01:02]} 39. Rc4
{[%clk 0:11:53]} Nb6 {[%clk 0:00:56]} 40. Rc3 {[%clk 0:41:13]} Na4
{[%clk 0:31:18]} 41. Re3 {[%clk 0:40:10]} Qa7 {[%clk 0:30:28]} 42. Qd2
{[%clk 0:39:57]} Qb6 {[%clk 0:27:12]} 43. Bd1 {[%clk 0:34:53]} Nc5
{[%clk 0:21:52]} 44. Bc2 {[%clk 0:32:02]} Qb5 {[%clk 0:06:01]} 45. Kh2
{[%clk 0:30:45]} Qf1 {[%clk 0:04:46]} 46. Rc3 {[%clk 0:20:39]} Qb5
{[%clk 0:04:42]} 47. Qe3 {[%clk 0:19:22]} Na4 {[%clk 0:03:39]} 48. Qe4
{[%clk 0:16:03]} f5 {[%clk 0:01:44]} 49. Bxa4 {[%clk 0:13:44]} fxe4
{[%clk 0:01:08]} 50. Bxb5 {[%clk 0:14:10]} cxb5 {[%clk 0:01:27]} 51. Rd4
{[%clk 0:05:52]} e3 {[%clk 0:01:26]} 52. Kg2 {[%clk 0:05:31]} Ra8
{[%clk 0:01:12]} 53. Kf3 {[%clk 0:05:35]} e2 {[%clk 0:01:07]} 54. Kxe2
{[%clk 0:05:31]} g5 {[%clk 0:01:19]} 55. Rd5 {[%clk 0:05:08]} gxf4
{[%clk 0:01:32]} 56. gxf4 {[%clk 0:05:32]} Ra4 {[%clk 0:01:22]} 57. Rf3
{[%clk 0:04:11]} Re4+ {[%clk 0:01:21]} 58. Kd3 {[%clk 0:04:05]} Ra4
{[%clk 0:01:43]} 59. Rxb5 {[%clk 0:04:17]} Rxa3+ {[%clk 0:02:03]} 60. Ke4
{[%clk 0:04:27]} Ra4+ {[%clk 0:02:20]} 61. Kd5 {[%clk 0:04:17]} Ra1
{[%clk 0:02:05]} 62. f5 {[%clk 0:04:20]} Rd1+ {[%clk 0:02:15]} 63. Ke4
{[%clk 0:04:11]} Re1+ {[%clk 0:02:25]} 64. Re3 {[%clk 0:04:12]} Ra1
{[%clk 0:02:31]} 65. e6 {[%clk 0:03:47]} Kg7 {[%clk 0:02:09]} 66. Ke5
{[%clk 0:04:13]} Rf1 {[%clk 0:02:24]} 67. f6+ {[%clk 0:01:12]} Rxf6
{[%clk 0:02:48]} 68. Rg3+ {[%clk 0:01:38]} Rg6 {[%clk 0:03:12]} 69. Rxg6+
{[%clk 0:01:57]} Kxg6 {[%clk 0:03:37]} 70. Kd6 {[%clk 0:02:23]} Kf6
{[%clk 0:01:56]} 71. Rf5+ {[%clk 0:02:43]} 1-0

[Event "MPJ_D16"]
[Site "?"]
[Date "2016.03.15"]
[Round "4.10"]
[White "Gredka, Dominika"]
[Black "Cieslak, Wiktoria"]
[Result "0-1"]
[BlackElo "1904"]
[WhiteElo "1690"]
[LiveChessVersion "1.4.8"]

1. e4 {[%clk 1:30:58]} c5 {[%clk 1:30:51]} 2. c3 {[%clk 1:30:14]} Nf6
{[%clk 1:31:05]} 3. e5 {[%clk 1:29:48]} Nd5 {[%clk 1:31:24]} 4. Nf3
{[%clk 1:30:08]} d6 {[%clk 1:30:29]} 5. Bc4 {[%clk 1:24:17]} dxe5
{[%clk 1:28:04]} 6. Nxe5 {[%clk 1:24:40]} e6 {[%clk 1:24:17]} 7. O-O
{[%clk 1:12:44]} Bd6 {[%clk 1:23:08]} 8. d4 {[%clk 1:10:00]} O-O {[%clk 1:22:41]}
9. Qf3 {[%clk 1:00:22]} cxd4 {[%clk 1:19:01]} 10. Bxd5 {[%clk 0:46:05]} Bxe5
{[%clk 1:18:16]} 11. Bxb7 {[%clk 0:45:04]} Bxh2+ {[%clk 1:18:37]} 12. Kxh2
{[%clk 0:32:10]} Qc7+ {[%clk 1:18:45]} 13. Bf4 {[%clk 0:32:32]} Qxb7
{[%clk 1:19:03]} 14. Qxb7 {[%clk 0:32:10]} Bxb7 {[%clk 1:19:26]} 15. cxd4
{[%clk 0:32:38]} Nc6 {[%clk 1:19:28]} 16. Rd1 {[%clk 0:32:27]} Rfd8
{[%clk 1:19:12]} 17. Be3 {[%clk 0:32:47]} e5 {[%clk 1:18:31]} 18. d5
{[%clk 0:24:09]} Nb4 {[%clk 1:16:01]} 19. Nc3 {[%clk 0:24:33]} Nxd5
{[%clk 1:16:11]} 20. Nxd5 {[%clk 0:24:00]} Bxd5 {[%clk 1:15:28]} 21. b3
{[%clk 0:23:57]} a5 {[%clk 1:08:45]} 22. Bb6 {[%clk 0:20:56]} Rd7
{[%clk 1:09:00]} 23. Rac1 {[%clk 0:20:56]} Be6 {[%clk 1:03:33]} 24. Rxd7
{[%clk 0:20:13]} Bxd7 {[%clk 1:03:59]} 25. Rc5 {[%clk 0:20:33]} a4
{[%clk 1:03:52]} 26. bxa4 {[%clk 0:16:51]} Bxa4 {[%clk 1:04:08]} 27. Rxe5
{[%clk 0:17:10]} f6 {[%clk 1:04:10]} 28. Re3 {[%clk 0:17:11]} Rb8
{[%clk 1:04:06]} 29. Bc5 {[%clk 0:15:08]} Rb2 {[%clk 1:03:50]} 30. Ra3
{[%clk 0:15:25]} Bc6 {[%clk 1:03:46]} 31. Ra6 {[%clk 0:14:13]} Bb7
{[%clk 1:03:40]} 32. Re6 {[%clk 0:13:03]} Bd5 {[%clk 1:03:07]} 33. Re8+
{[%clk 0:13:10]} Kf7 {[%clk 1:03:25]} 34. Re7+ {[%clk 0:12:54]} Kg6
{[%clk 1:03:42]} 35. a4 {[%clk 0:11:48]} Bc6 {[%clk 1:02:23]} 36. a5
{[%clk 0:11:58]} Rb5 {[%clk 1:02:39]} 37. Bb6 {[%clk 0:12:21]} Rg5
{[%clk 1:02:40]} 38. f3 {[%clk 0:12:27]} Rb5 {[%clk 1:02:08]} 39. Rc7
{[%clk 0:12:15]} Ba8 {[%clk 1:02:11]} 40. Rc8 {[%clk 0:40:29]} Bd5
{[%clk 1:32:07]} 41. Rc3 {[%clk 0:39:15]} Rb2 {[%clk 1:27:17]} 42. Bd4
{[%clk 0:36:02]} Ra2 {[%clk 1:24:09]} 43. Bb6 {[%clk 0:36:24]} Bb7
{[%clk 1:24:30]} 44. Kg3 {[%clk 0:35:41]} Ba6 {[%clk 1:24:49]} 45. Rc1
{[%clk 0:35:26]} h5 {[%clk 1:19:56]} 46. Rd1 {[%clk 0:33:24]} h4+
{[%clk 1:19:37]} 47. Kh3 {[%clk 0:33:16]} Bc8+ {[%clk 1:19:58]} 48. g4
{[%clk 0:30:58]} Ra3 {[%clk 1:11:37]} 49. Kg2 {[%clk 0:20:10]} Bb7
{[%clk 1:10:15]} 50. Rf1 {[%clk 0:20:10]} h3+ {[%clk 1:08:02]} 51. Kg3
{[%clk 0:10:10]} h2 {[%clk 1:08:14]} 52. Kxh2 {[%clk 0:09:55]} Bxf3
{[%clk 1:08:30]} 53. Rg1 {[%clk 0:10:04]} Kg5 {[%clk 1:08:41]} 54. Rg3
{[%clk 0:09:01]} Ra2+ {[%clk 1:06:06]} 55. Kh3 {[%clk 0:08:14]} Be2
{[%clk 1:04:33]} 56. Rg1 {[%clk 0:04:24]} Ra3+ {[%clk 1:04:32]} 57. Kh2
{[%clk 0:04:47]} Bxg4 {[%clk 1:04:49]} 58. Bc7 {[%clk 0:04:18]} Kh4
{[%clk 1:03:46]} 59. Bg3+ {[%clk 0:04:34]} Kh5 {[%clk 1:04:00]} 60. Bc7
{[%clk 0:04:32]} g5 {[%clk 1:03:29]} 61. Bd8 {[%clk 0:03:55]} f5 {[%clk 1:03:50]}
62. Rc1 {[%clk 0:02:33]} Ra2+ {[%clk 1:03:56]} 63. Kg1 {[%clk 0:02:50]} Bf3
{[%clk 1:03:00]} 64. Rc3 {[%clk 0:01:41]} Be4 {[%clk 1:01:15]} 65. Rg3
{[%clk 0:01:04]} g4 {[%clk 1:01:04]} 0-1

[Event "MPJ_D16"]
[Site "?"]
[Date "2016.03.15"]
[Round "4.11"]
[White "Daliga, Anita"]
[Black "Ossolinska, Matylda"]
[Result "1/2-1/2"]
[BlackElo "1613"]
[WhiteElo "1632"]
[LiveChessVersion "1.4.8"]

1. e4 {[%clk 1:30:57]} e6 {[%clk 1:30:47]} 2. d4 {[%clk 1:31:20]} d5
{[%clk 1:31:12]} 3. exd5 {[%clk 1:31:18]} exd5 {[%clk 1:31:15]} 4. Bd3
{[%clk 1:31:03]} c5 {[%clk 1:31:00]} 5. dxc5 {[%clk 1:25:10]} Bxc5
{[%clk 1:30:49]} 6. h3 {[%clk 1:23:21]} Nc6 {[%clk 1:29:16]} 7. Nf3
{[%clk 1:19:44]} Nf6 {[%clk 1:27:56]} 8. O-O {[%clk 1:18:26]} O-O
{[%clk 1:27:08]} 9. Bg5 {[%clk 1:15:54]} h6 {[%clk 1:26:05]} 10. Bh4
{[%clk 1:15:11]} g5 {[%clk 1:24:16]} 11. Bg3 {[%clk 1:13:15]} Ne4
{[%clk 1:24:00]} 12. Bxe4 {[%clk 1:09:01]} dxe4 {[%clk 1:24:11]} 13. Nfd2
{[%clk 1:05:50]} f5 {[%clk 1:21:33]} 14. Nb3 {[%clk 1:02:15]} Bb6
{[%clk 1:18:20]} 15. Nc3 {[%clk 0:59:27]} f4 {[%clk 1:09:38]} 16. Bh2
{[%clk 0:58:08]} e3 {[%clk 1:04:56]} 17. fxe3 {[%clk 0:54:30]} Bxe3+
{[%clk 1:05:00]} 18. Kh1 {[%clk 0:54:42]} Ne7 {[%clk 1:02:51]} 19. Bg1
{[%clk 0:49:21]} Nf5 {[%clk 0:58:35]} 20. Kh2 {[%clk 0:40:12]} Be6
{[%clk 0:49:24]} 21. Qxd8 {[%clk 0:36:27]} Raxd8 {[%clk 0:46:38]} 22. Rad1
{[%clk 0:28:25]} Bxb3 {[%clk 0:41:43]} 23. cxb3 {[%clk 0:26:35]} a6
{[%clk 0:37:11]} 24. Nd5 {[%clk 0:19:53]} Bxg1+ {[%clk 0:36:24]} 25. Rxg1
{[%clk 0:19:37]} Kg7 {[%clk 0:31:02]} 26. Rge1 {[%clk 0:16:25]} Rfe8
{[%clk 0:27:05]} 27. Rxe8 {[%clk 0:15:10]} Rxe8 {[%clk 0:27:22]} 28. Nc3
{[%clk 0:15:13]} Re7 {[%clk 0:25:36]} 29. Kg1 {[%clk 0:14:31]} h5
{[%clk 0:20:22]} 30. Kf2 {[%clk 0:13:14]} Kg6 {[%clk 0:17:05]} 31. Nd5
{[%clk 0:10:33]} Re6 {[%clk 0:15:24]} 32. Nc3 {[%clk 0:08:54]} Re7
{[%clk 0:13:29]} 33. Nd5 {[%clk 0:08:42]} Re6 {[%clk 0:13:17]} 34. Nc3
{[%clk 0:08:52]} Re7 {[%clk 0:13:25]} 35. Nd5 {[%clk 0:08:57]} Re6
{[%clk 0:13:39]} 1/2-1/2

[Event "MPJ_D16"]
[Site "?"]
[Date "2016.03.15"]
[Round "4.12"]
[White "Guzik, Natalia"]
[Black "Kostecka, Marika"]
[Result "0-1"]
[BlackElo "1775"]
[WhiteElo "1619"]
[LiveChessVersion "1.4.8"]

1. e4 {[%clk 1:30:58]} c5 {[%clk 1:30:47]} 2. Nf3 {[%clk 1:31:19]} d6
{[%clk 1:31:13]} 3. d4 {[%clk 1:31:43]} cxd4 {[%clk 1:31:39]} 4. Nxd4
{[%clk 1:32:02]} Nf6 {[%clk 1:32:03]} 5. Nc3 {[%clk 1:32:22]} a6 {[%clk 1:32:24]}
6. Be3 {[%clk 1:32:12]} e5 {[%clk 1:32:49]} 7. Nb3 {[%clk 1:32:38]} Be6
{[%clk 1:33:11]} 8. Qd2 {[%clk 1:32:42]} Be7 {[%clk 1:33:34]} 9. f3
{[%clk 1:32:33]} O-O {[%clk 1:33:59]} 10. O-O-O {[%clk 1:30:48]} a5
{[%clk 1:34:02]} 11. Bb5 {[%clk 1:26:17]} Nbd7 {[%clk 1:29:02]} 12. Qf2
{[%clk 1:23:53]} Rc8 {[%clk 1:25:20]} 13. g4 {[%clk 1:15:44]} Rxc3
{[%clk 1:18:16]} 14. bxc3 {[%clk 1:15:38]} a4 {[%clk 1:18:08]} 15. Bxa4
{[%clk 1:11:15]} Qa8 {[%clk 1:18:11]} 16. Bxd7 {[%clk 1:05:32]} Nxd7
{[%clk 1:18:36]} 17. Kb2 {[%clk 0:51:37]} Qa4 {[%clk 1:13:34]} 18. g5
{[%clk 0:38:26]} Ra8 {[%clk 1:13:23]} 19. Ra1 {[%clk 0:37:40]} Nc5
{[%clk 1:06:27]} 20. Bxc5 {[%clk 0:14:19]} dxc5 {[%clk 1:06:40]} 21. Kc1
{[%clk 0:12:24]} Bxg5+ {[%clk 1:05:23]} 22. Kd1 {[%clk 0:12:07]} Qc4
{[%clk 0:58:25]} 23. Nxc5 {[%clk 0:06:32]} Rd8+ {[%clk 0:57:49]} 24. Nd3
{[%clk 0:06:25]} Qxc3 {[%clk 0:58:11]} 25. Qg2 {[%clk 0:01:51]} Bh6
{[%clk 0:56:11]} 26. Rb1 {[%clk 0:01:10]} Rxd3+ {[%clk 0:53:15]} 27. cxd3
{[%clk 0:01:29]} Qxd3+ {[%clk 0:53:44]} 28. Ke1 {[%clk 0:01:47]} Qxb1+
{[%clk 0:54:11]} 29. Kf2 {[%clk 0:02:10]} Qc2+ {[%clk 0:54:33]} 30. Kg3
{[%clk 0:02:29]} Bf4+ 0-1

[Event "MPJ_D16"]
[Site "?"]
[Date "2016.03.15"]
[Round "4.13"]
[White "Leczek, Weronika"]
[Black "Zamarska, Sylwia"]
[Result "*"]
[BlackElo "1605"]
[WhiteElo "1766"]
[LiveChessVersion "1.4.8"]

1. e4 {[%clk 1:31:00]} c6 {[%clk 1:30:53]} 2. d4 {[%clk 1:31:23]} d5
{[%clk 1:31:16]} 3. Nc3 {[%clk 1:31:46]} dxe4 {[%clk 1:31:34]} 4. Nxe4
{[%clk 1:32:12]} Bf5 {[%clk 1:31:51]} 5. Ng3 {[%clk 1:32:34]} Bg6
{[%clk 1:32:06]} 6. Nf3 {[%clk 1:27:45]} Nd7 {[%clk 1:31:02]} 7. Bd3
{[%clk 1:27:43]} Ngf6 {[%clk 1:30:22]} 8. O-O {[%clk 1:26:30]} e6
{[%clk 1:29:33]} 9. Re1 {[%clk 1:25:04]} Be7 {[%clk 1:28:49]} 10. c3
{[%clk 1:22:51]} Bxd3 {[%clk 1:26:33]} 11. Qxd3 {[%clk 1:23:10]} O-O
{[%clk 1:26:26]} 12. Bd2 {[%clk 1:18:19]} c5 {[%clk 1:22:10]} 13. Rad1
{[%clk 1:16:33]} Rc8 {[%clk 1:19:52]} 14. Bc1 {[%clk 1:14:23]} a6
{[%clk 1:17:03]} 15. Qe2 {[%clk 1:09:37]} Qc7 {[%clk 1:13:32]} 16. dxc5
{[%clk 0:51:33]} Bxc5 {[%clk 1:08:35]} 17. Be3 {[%clk 0:50:53]} Rfd8
{[%clk 1:07:18]} 18. Bxc5 {[%clk 0:46:56]} Qxc5 {[%clk 1:06:41]} 19. Nd4
{[%clk 0:43:13]} Nf8 {[%clk 1:04:51]} 20. Rd2 {[%clk 0:36:42]} Ng6
{[%clk 1:03:03]} 21. Red1 {[%clk 0:36:36]} Nf4 {[%clk 0:51:05]} 22. Qf3
{[%clk 0:34:36]} N4d5 {[%clk 0:50:14]} 23. Ne4 {[%clk 0:32:21]} Qe7
{[%clk 0:46:06]} 24. Rd3 {[%clk 0:29:23]} Rd7 {[%clk 0:41:24]} 25. a3
{[%clk 0:20:06]} Rcd8 {[%clk 0:38:44]} 26. c4 {[%clk 0:18:49]} Nxe4
{[%clk 0:37:05]} 27. Qxe4 {[%clk 0:18:44]} Nf6 {[%clk 0:36:42]} 28. Qe5
{[%clk 0:16:03]} Qd6 {[%clk 0:34:23]} 29. Qg5 {[%clk 0:02:05]} h6
{[%clk 0:32:28]} 30. Qa5 {[%clk 0:00:55]} Ng4 {[%clk 0:18:26]} 31. Nxe6
{[%clk 0:00:43]} Qxh2+ {[%clk 0:17:47]} 32. Kf1 {[%clk 0:01:10]} Rxd3
{[%clk 0:17:28]} 33. Qxd8+ {[%clk 0:01:24]} Rxd8 {[%clk 0:17:44]} 34. Rxd8+
{[%clk 0:01:49]} Kh7 {[%clk 0:18:03]} 35. Nf8+ {[%clk 0:02:14]} Kg8
{[%clk 0:18:09]} 36. Ne6+ {[%clk 0:02:38]} Kh7 {[%clk 0:18:30]} 37. Nf8+
{[%clk 0:03:04]} Kg8 {[%clk 0:18:54]} 38. Ne6+ {[%clk 0:03:29]} Kh7
{[%clk 0:19:16]} 39. Nf8+ {[%clk 0:03:56]} Kg8 {[%clk 0:19:40]} 40. Ne6+
{[%clk 0:34:19]} Kh7 {[%clk 0:50:08]} *

[Event "MPJ_D16"]
[Site "?"]
[Date "2016.03.15"]
[Round "4.14"]
[White "Pedrak, Paulina"]
[Black "Szulc, Patrycja"]
[Result "0-1"]
[BlackElo "1692"]
[WhiteElo "1610"]
[LiveChessVersion "1.4.8"]

1. e4 {[%clk 1:30:58]} c5 {[%clk 1:30:55]} 2. Nf3 {[%clk 1:31:11]} d6
{[%clk 1:31:17]} 3. d4 {[%clk 1:31:33]} cxd4 {[%clk 1:31:42]} 4. Nxd4
{[%clk 1:31:45]} Nf6 {[%clk 1:32:01]} 5. Nc3 {[%clk 1:31:39]} e6 {[%clk 1:32:11]}
6. Be3 {[%clk 1:31:10]} a6 {[%clk 1:32:21]} 7. Be2 {[%clk 1:29:31]} Be7
{[%clk 1:32:26]} 8. O-O {[%clk 1:29:31]} O-O {[%clk 1:32:25]} 9. Qd2
{[%clk 1:24:44]} Qc7 {[%clk 1:31:42]} 10. f4 {[%clk 1:23:02]} Nc6
{[%clk 1:28:58]} 11. Kh1 {[%clk 1:21:28]} Rb8 {[%clk 1:27:05]} 12. a4
{[%clk 1:20:14]} Bd7 {[%clk 1:27:03]} 13. Bf3 {[%clk 1:15:16]} Rfc8
{[%clk 1:23:16]} 14. Nb3 {[%clk 1:11:27]} b5 {[%clk 1:20:58]} 15. axb5
{[%clk 1:10:55]} axb5 {[%clk 1:21:20]} 16. Rfc1 {[%clk 1:09:35]} b4
{[%clk 1:12:57]} 17. Ne2 {[%clk 1:04:44]} Rb5 {[%clk 1:02:56]} 18. Ned4
{[%clk 1:01:16]} Nxd4 {[%clk 1:02:56]} 19. Bxd4 {[%clk 1:01:31]} e5
{[%clk 1:01:43]} 20. fxe5 {[%clk 1:01:04]} dxe5 {[%clk 1:02:05]} 21. Ra7
{[%clk 0:59:48]} Qb8 {[%clk 1:01:14]} 22. Bf2 {[%clk 0:59:39]} Rb7
{[%clk 1:00:32]} 23. Rca1 {[%clk 0:59:16]} Rxa7 {[%clk 0:57:58]} 24. Rxa7
{[%clk 0:59:03]} Rc7 {[%clk 0:57:47]} 25. Rxc7 {[%clk 0:58:13]} Qxc7
{[%clk 0:58:10]} 26. h3 {[%clk 0:57:47]} Bc6 {[%clk 0:56:15]} 27. Qd3
{[%clk 0:57:03]} h6 {[%clk 0:56:13]} 28. Be1 {[%clk 0:54:57]} Qa7
{[%clk 0:52:28]} 29. Bg3 {[%clk 0:54:01]} Qb8 {[%clk 0:51:29]} 30. Nd2
{[%clk 0:52:17]} Bb5 {[%clk 0:47:27]} 31. Qe3 {[%clk 0:50:21]} Qc7
{[%clk 0:46:46]} 32. c3 {[%clk 0:50:06]} Bc5 {[%clk 0:45:43]} 33. Qe1
{[%clk 0:50:10]} bxc3 {[%clk 0:45:56]} 34. bxc3 {[%clk 0:50:34]} Nd7
{[%clk 0:43:15]} 35. c4 {[%clk 0:50:06]} Ba6 {[%clk 0:43:30]} 36. Qa1
{[%clk 0:50:05]} Bb7 {[%clk 0:43:22]} 37. Qa4 {[%clk 0:49:29]} Bc6
{[%clk 0:42:24]} 38. Qc2 {[%clk 0:48:35]} Bd4 {[%clk 0:36:47]} 39. Be2
{[%clk 0:46:54]} Nc5 {[%clk 0:32:59]} 40. Bf3 {[%clk 1:15:58]} Ba4
{[%clk 1:00:38]} 41. Qb1 {[%clk 1:15:42]} Qa5 {[%clk 0:55:50]} 42. Qa2
{[%clk 1:12:55]} Qc3 {[%clk 0:53:49]} 43. Bh2 {[%clk 0:58:41]} Qc1+
{[%clk 0:53:52]} 0-1

[Event "MPJ_D16"]
[Site "?"]
[Date "2016.03.15"]
[Round "4.15"]
[White "Surpeta, Julia"]
[Black "Samujlo, Agnieszka"]
[Result "1-0"]
[BlackElo "1637"]
[WhiteElo "1339"]
[LiveChessVersion "1.4.8"]

1. d4 {[%clk 1:30:21]} Nf6 2. Nc3 {[%clk 1:30:33]} e6 {[%clk 1:31:17]} 3. Bg5
{[%clk 1:30:49]} d5 {[%clk 1:31:34]} 4. e4 {[%clk 1:29:24]} dxe4 {[%clk 1:30:58]}
5. Nxe4 {[%clk 1:29:40]} Be7 {[%clk 1:31:17]} 6. Ng3 {[%clk 1:27:40]} h6
{[%clk 1:28:43]} 7. Be3 {[%clk 1:26:04]} O-O {[%clk 1:26:54]} 8. Be2
{[%clk 1:25:05]} Nc6 {[%clk 1:26:37]} 9. Bf3 {[%clk 1:25:15]} Qd7
{[%clk 1:24:55]} 10. N1e2 {[%clk 1:24:27]} b6 {[%clk 1:22:42]} 11. O-O
{[%clk 1:23:31]} Bb7 {[%clk 1:22:51]} 12. c4 {[%clk 1:23:05]} Rab8
{[%clk 1:22:04]} 13. a3 {[%clk 1:08:59]} Na5 {[%clk 1:16:45]} 14. Bxb7
{[%clk 1:06:10]} Nxb7 {[%clk 1:16:38]} 15. Nf4 {[%clk 1:02:17]} Rfd8
{[%clk 1:14:11]} 16. Qe2 {[%clk 0:54:57]} c5 {[%clk 1:05:19]} 17. Rad1
{[%clk 0:51:41]} Qc7 {[%clk 1:03:40]} 18. Nfh5 {[%clk 0:37:01]} Kh7
{[%clk 0:46:36]} 19. Bf4 {[%clk 0:29:10]} Nd6 {[%clk 0:44:19]} 20. d5
{[%clk 0:19:50]} exd5 {[%clk 0:40:48]} 21. Nf5 {[%clk 0:15:50]} Nxh5
{[%clk 0:36:48]} 22. Qxh5 {[%clk 0:15:08]} Bf8 {[%clk 0:34:37]} 23. Qg4
{[%clk 0:08:19]} Qd7 {[%clk 0:32:31]} 24. Bxd6 {[%clk 0:06:49]} g6
{[%clk 0:31:38]} 25. Bxb8 {[%clk 0:05:39]} Rxb8 {[%clk 0:31:43]} 26. Qf4
{[%clk 0:04:52]} Re8 {[%clk 0:30:11]} 27. Ng3 {[%clk 0:04:47]} d4
{[%clk 0:30:00]} 28. Ne4 {[%clk 0:04:10]} Qe6 {[%clk 0:29:19]} 29. Nf6+
{[%clk 0:03:41]} Kg7 {[%clk 0:28:50]} 30. Nxe8+ {[%clk 0:04:00]} Qxe8
{[%clk 0:29:14]} 31. Rfe1 {[%clk 0:03:26]} Qd7 {[%clk 0:29:14]} 32. Qe5+
{[%clk 0:03:16]} Kg8 {[%clk 0:29:09]} 33. Rd3 {[%clk 0:03:11]} 1-0